International children's story Bible / (Record no. 3366)

MARC details
000 -LEADER
fixed length control field 01088cam a2200301 a 4500
001 - CONTROL NUMBER
control field 1054594
003 - CONTROL NUMBER IDENTIFIER
control field GBCCL
005 - DATE AND TIME OF LATEST TRANSACTION
control field 20241126110453.0
008 - FIXED-LENGTH DATA ELEMENTS--GENERAL INFORMATION
fixed length control field 900720s1990 txua j 000 0 eng
010 ## -
-- 90044625
020 ## - INTERNATIONAL STANDARD BOOK NUMBER
International Standard Book Number 0849907845 :
Terms of availability $9.99
040 ## - CATALOGING SOURCE
Original cataloging agency DLC
Transcribing agency DLC
Modifying agency DLC
042 ## -
-- lcac
050 00 -
-- BS551.2
-- .I58 1990
082 00 - DEWEY DECIMAL CLASSIFICATION NUMBER
Classification number 220.9505
Edition information 20
Item number INT
245 00 - TITLE STATEMENT
Title International children's story Bible /
Statement of responsibility, etc. illustrated by children from around the world.
260 ## - PUBLICATION, DISTRIBUTION, ETC.
Place of publication, distribution, etc. Dallas, Tex. :
Name of publisher, distributor, etc. Word Pub.,
Date of publication, distribution, etc. c1990.
300 ## - PHYSICAL DESCRIPTION
Extent 1 v. (unpaged) :
Other physical details col. ill. ;
Dimensions 20 cm.
500 ## - GENERAL NOTE
General note "Word kids."
520 ## - SUMMARY, ETC.
Summary, etc. A collection of 115 Bible stories from the Old and New Testament illustrated by children from around the world.
650 #0 - SUBJECT ADDED ENTRY--TOPICAL TERM
Topical term or geographic name entry element Bible stories, English.
9 (RLIN) 1346
650 #0 - SUBJECT ADDED ENTRY--TOPICAL TERM
Topical term or geographic name entry element Children's drawings.
9 (RLIN) 6876
650 #1 - SUBJECT ADDED ENTRY--TOPICAL TERM
Topical term or geographic name entry element Bible stories.
9 (RLIN) 1916
650 #1 - SUBJECT ADDED ENTRY--TOPICAL TERM
Topical term or geographic name entry element Children's art.
9 (RLIN) 6877
906 ## - LOCAL DATA ELEMENT F, LDF (RLIN)
a 7
b cbc
c orignew
d 1
e ocip
f 19
g y-gencatlg
942 ## - ADDED ENTRY ELEMENTS (KOHA)
Source of classification or shelving scheme Dewey Decimal Classification
Koha item type Books
Koha issues (borrowed), all copies 2
Holdings
Withdrawn status Lost status Source of classification or shelving scheme Damaged status Not for loan Home library Current Library Shelving location Date acquired Total checkouts Total renewals Full call number Barcode Date last seen Date last checked out Copy number Price effective from Koha item type
    Dewey Decimal Classification     GRACE BIBLE COLLEGE GRACE BIBLE COLLEGE Biblical Studies 2017-11-27 1 2 220.9505 INT 007179 2025-05-01 2022-06-20 c.1 2017-11-27 Books
    Dewey Decimal Classification     GRACE BIBLE COLLEGE GRACE BIBLE COLLEGE Biblical Studies 2017-11-27 1   220.9505 INT 007180 2025-05-01 2022-08-02 c.2 2017-11-27 Books
© Grace Bible College Library 2025